Law in the schools /

Bibliographic Details
Main Author: Valente, William D.
Other Authors: Valente, Christina M.
Format: Book
Language:English
Published: Upper Saddle River, N.J. : Merrill, [1998]
Edition:4th ed.
Subjects:

MARC

Tag First Indicator Second Indicator Subfields
LEADER 00000cam a2200000 a 4500
001 in00001403425
005 20151020055518.0
008 970717s1998 nju b 001 0 eng
010 |a  97030724  
020 |a 013266321X 
035 |a (OCoLC)37353921 
035 |9 AHN4665AM 
040 |a DLC  |c DLC  |d TXA  |d UtOrBLW 
043 |a n-us--- 
049 |a TXAM 
050 0 0 |a KF4119  |b .V28 1998 
082 0 0 |a 344.73/07  |2 21 
100 1 |a Valente, William D. 
245 1 0 |a Law in the schools /  |c William D. Valente with Christina M. Valente. 
250 |a 4th ed. 
264 1 |a Upper Saddle River, N.J. :  |b Merrill,  |c [1998] 
264 4 |c ©1998 
300 |a xviii, 398 pages ;  |c 25 cm. 
336 |a text  |b txt  |2 rdacontent 
337 |a unmediated  |b n  |2 rdamedia 
338 |a volume  |b nc  |2 rdacarrier 
504 |a Includes bibliographical references and index. 
650 0 |a Educational law and legislation  |z United States. 
700 1 |a Valente, Christina M. 
948 |a c:ktn 
999 |a MARS 
999 f f |s a53a4c6c-d47d-3d34-8ad3-5c26303357ce  |i 2a1e5de3-b253-3a29-9a84-b72df661508c  |t 0 
952 f f |p ric  |a Texas A&M University  |b Rellis Campus  |c Joint Library Facility  |d Remote Storage  |t 0  |e KF4119 .V28 1998  |h Library of Congress classification  |i unmediated -- volume  |m A14822436054 
998 f f |a KF4119 .V28 1998  |t 0  |l Remote Storage